[Event "Sigeman"]
[Site "Malmo/Copenhagen"]
[Date "2004.05.01"]
[Round "2"]
[White "De Firmian, Nick E"]
[Black "Aagaard, Jacob"]
[Result "1/2-1/2"]
[WhiteElo "2542"]
[BlackElo "2400"]
[PlyCount "87"]
[EventDate "2004.04.??"]
[EventType "tourn"]
[EventRounds "9"]
[EventCountry "SWE"]
[SourceTitle "CBM 101"]
[Source "ChessBase"]
[SourceDate "2004.07.27"]

1. e4 e5 2. Nf3 Nc6 3. Bb5 a6 4. Ba4 Nf6 5. O-O Be7 6. Re1 b5 7. Bb3 d6 8. c3
O-O 9. h3 Na5 10. Bc2 c5 11. d4 Qc7 12. Nbd2 cxd4 13. cxd4 Nc6 14. Nb3 a5 15.
Be3 a4 16. Nbd2 Bd7 17. Rc1 Rac8 18. Bb1 Qb8 19. Qe2 Rfe8 20. a3 Bd8 21. dxe5
dxe5 22. Ba2 h6 23. Bc5 Nh5 24. Qd3 Be6 25. Bxe6 Rxe6 26. g3 Nf6 27. Red1 Qb7
28. b4 axb3 29. Nxb3 Re8 30. Bd6 Bb6 31. Kg2 Na7 32. Rxc8 Rxc8 33. Bxe5 Nxe4
34. Bd4 Bxd4 35. Qxd4 Ng5 36. Nbd2 Nc6 37. Qe3 Na5 38. h4 Nxf3 39. Nxf3 Nc4 40.
Qf4 Nxa3 41. Qf5 Qc6 42. Rd7 Rf8 43. Kh2 Qc2 44. Rd3 1/2-1/2

[Event "Sigeman"]
[Site "Malmo/Copenhagen"]
[Date "2004.05.01"]
[Round "2"]
[White "Rozentalis, Eduardas"]
[Black "Hillarp Persson, Tiger"]
[Result "0-1"]
[WhiteElo "2619"]
[BlackElo "2513"]
[PlyCount "120"]
[EventDate "2004.04.??"]
[EventType "tourn"]
[EventRounds "9"]
[EventCountry "SWE"]
[SourceTitle "CBM 101"]
[Source "ChessBase"]
[SourceDate "2004.07.27"]

1. e4 e6 2. d4 d5 3. Nd2 dxe4 4. Nxe4 Bd7 5. Nf3 Bc6 6. Bd3 Nd7 7. O-O Ngf6 8.
Ned2 Be7 9. c4 a5 10. b3 a4 11. Bb2 O-O 12. Qc2 h6 13. Rad1 axb3 14. axb3 Qb8
15. Ne5 Nxe5 16. dxe5 Nd7 17. Be4 Nc5 18. Bxc6 bxc6 19. Bc3 Rd8 20. Rb1 Ra3 21.
b4 Na4 22. Ba1 c5 23. b5 Qa8 24. Ne4 Nb6 25. Qe2 Ra4 26. Rbc1 Nxc4 27. Rfe1 Nb6
28. Bc3 Bg5 29. Nxg5 hxg5 30. h3 Nd5 31. Qh5 g4 32. Bd2 gxh3 33. Qxh3 Rb8 34.
Rxc5 Rd4 35. Bg5 Qa4 36. Rcc1 Qxb5 37. Qg3 Qd3 38. f3 Qg6 39. Re2 Rb1 40. Rxb1
Qxb1+ 41. Re1 Rd1 42. Rxd1 Qxd1+ 43. Kh2 Qc2 44. Bf6 Qh7+ 45. Kg1 c5 46. Bh4
Qb1+ 47. Qe1 Qxe1+ 48. Bxe1 Kf8 49. Kf2 Ke7 50. g3 Kd7 51. f4 Kc6 52. Kf3 c4
53. Ke4 Kc5 54. f5 c3 55. fxe6 fxe6 56. Kd3 Kb5 57. g4 Kb4 58. Kd4 g5 59. Kd3
Kb3 60. Kd4 Nf4 0-1

[Event "Sigeman"]
[Site "Malmo/Copenhagen"]
[Date "2004.05.03"]
[Round "4"]
[White "Agrest, Evgenij"]
[Black "Hillarp Persson, Tiger"]
[Result "1-0"]
[WhiteElo "2601"]
[BlackElo "2513"]
[PlyCount "163"]
[EventDate "2004.04.??"]
[EventType "tourn"]
[EventRounds "9"]
[EventCountry "SWE"]
[SourceTitle "CBM 101"]
[Source "ChessBase"]
[SourceDate "2004.07.27"]

1. c4 e6 2. Nc3 d5 3. d4 c6 4. e3 Bd6 5. Qc2 f5 6. Bd3 Nf6 7. f3 O-O 8. Nge2
Kh8 9. Bd2 Na6 10. a3 dxc4 11. Bxc4 b5 12. Bd3 b4 13. Na4 bxa3 14. bxa3 Qc7 15.
g3 c5 16. Rc1 cxd4 17. Qxc7 Nxc7 18. Nxd4 Ncd5 19. Nc5 Rb8 20. O-O Rb2 21. Rfd1
Re8 22. Bb5 Rg8 23. a4 e5 24. Nc6 e4 25. Nxa7 Bxc5 26. Rxc5 Bb7 27. Bc1 Rb1 28.
Be2 exf3 29. Bxf3 Nc3 30. Rxc3 Bxf3 31. Rf1 Ne4 32. Rc7 Bg4 33. Nc6 Bh3 34. Rd1
h5 35. Ne7 Ra1 36. Ng6+ Kh7 37. Nf4 Bg4 38. Rf1 Ra2 39. Rb7 h4 40. gxh4 Rc8 41.
Bb2 Rc2 42. Bxg7 Kg8 43. Bh6 Rc6 44. Rg7+ Kh8 45. Ng6+ Rxg6 46. Rxg6 Kh7 47. h5
Bxh5 48. Rb6 Nd2 49. Rxf5 Nf3+ 50. Rxf3 Bxf3 51. Bf4 Rxa4 52. Kf2 Be4 53. Kg3
Bc2 54. Kg4 Ra5 55. Rd6 Kg7 56. h4 Bf5+ 57. Kf3 Bg6 58. Bg5 Bh5+ 59. Kf4 Ra4+
60. Rd4 Ra6 61. e4 Kg6 62. Rd8 Kg7 63. Ke5 Bg4 64. Rb8 Bh5 65. Kf4 Rc6 66. Rd8
Ra6 67. Rd4 Kf7 68. e5 Rc6 69. Rd7+ Ke6 70. Re7+ Kd5 71. Bf6 Be2 72. Kf5 Bd3+
73. Kg5 Ke4 74. Rd7 Rc1 75. Rxd3 Rg1+ 76. Kh6 Kxd3 77. e6 Ke4 78. e7 Rg8 79.
Kh7 Ra8 80. Kg6 Rc8 81. Kf7 Kf5 82. Bg5 1-0

[Event "Sigeman"]
[Site "Malmo/Copenhagen"]
[Date "2004.05.03"]
[Round "4"]
[White "Rozentalis, Eduardas"]
[Black "Aagaard, Jacob"]
[Result "1-0"]
[WhiteElo "2619"]
[BlackElo "2400"]
[PlyCount "63"]
[EventDate "2004.04.??"]
[EventType "tourn"]
[EventRounds "9"]
[EventCountry "SWE"]
[SourceTitle "CBM 101"]
[Source "ChessBase"]
[SourceDate "2004.07.27"]

1. e4 e5 2. Nf3 Nc6 3. Bb5 Nf6 4. O-O Nxe4 5. d4 Nd6 6. Bxc6 dxc6 7. dxe5 Nf5
8. Qxd8+ Kxd8 9. Nc3 Bd7 10. b3 Kc8 11. Bb2 Be7 12. Ne4 c5 13. h3 Bc6 14. Rfe1
h5 15. Nfg5 Rf8 16. Rad1 a5 17. a4 c4 18. g4 Nh4 19. Re3 Ng2 20. Rc3 hxg4 21.
hxg4 Nf4 22. Rxc4 Bxg5 23. Nxg5 Rh8 24. f3 Nh3+ 25. Nxh3 Rxh3 26. Rd3 Rxf3 27.
Rxf3 Bxf3 28. e6 Bd5 29. e7 Kd7 30. Rd4 Ke6 31. c4 Bc6 32. Rd8 1-0

[Event "Sigeman"]
[Site "Malmo/Copenhagen"]
[Date "2004.05.06"]
[Round "6"]
[White "Hansen, Curt"]
[Black "Hillarp Persson, Tiger"]
[Result "1-0"]
[WhiteElo "2635"]
[BlackElo "2513"]
[PlyCount "61"]
[EventDate "2004.04.??"]
[EventType "tourn"]
[EventRounds "9"]
[EventCountry "SWE"]
[SourceTitle "CBM 101"]
[Source "ChessBase"]
[SourceDate "2004.07.27"]

1. d4 e6 2. c4 d5 3. Nc3 c6 4. e3 Bd6 5. Nf3 f5 6. Bd3 Nf6 7. O-O O-O 8. b3 Ne4
9. Bb2 Nd7 10. Rc1 Qf6 11. Ne2 a5 12. Rc2 a4 13. bxa4 Rxa4 14. Qa1 Qh6 15. h3
g5 16. cxd5 exd5 17. Ne5 Bxe5 18. dxe5 Nec5 19. Rd1 f4 20. exf4 gxf4 21. Qc1
Rxa2 22. Ba3 Rxa3 23. Qxa3 Nxd3 24. Rxd3 Nxe5 25. Rb3 f3 26. Nd4 Qg6 27. g3
Bxh3 28. Rxb7 Bg2 29. Qe7 Re8 30. Nf5 Kh8 31. Rb8 1-0

[Event "Sigeman"]
[Site "Malmo/Copenhagen"]
[Date "2004.05.07"]
[Round "7"]
[White "Aagaard, Jacob"]
[Black "Hector, Jonny"]
[Result "0-1"]
[WhiteElo "2400"]
[BlackElo "2512"]
[PlyCount "52"]
[EventDate "2004.04.??"]
[EventType "tourn"]
[EventRounds "9"]
[EventCountry "SWE"]
[SourceTitle "CBM 101"]
[Source "ChessBase"]
[SourceDate "2004.07.27"]

1. d4 d5 2. c4 c6 3. cxd5 cxd5 4. Nf3 Nf6 5. Nc3 Nc6 6. Bf4 Bf5 7. e3 e6 8. Qb3
Bb4 9. Bb5 Bxc3+ 10. Qxc3 O-O 11. O-O Rc8 12. Qa3 Ne4 13. Rac1 g5 14. Bg3 f6
15. Bxc6 bxc6 16. Qxa7 h5 17. h3 Nxg3 18. fxg3 Qd6 19. Kf2 Ra8 20. Qc5 Qxc5 21.
Rxc5 Rxa2 22. Rxc6 Rb8 23. Rfc1 Rbxb2+ 24. Ke1 Kf7 25. Rc8 Bd3 26. e4 Bc4 0-1

[Event "Sigeman"]
[Site "Malmo/Copenhagen"]
[Date "2004.05.09"]
[Round "9"]
[White "Rozentalis, Eduardas"]
[Black "Hector, Jonny"]
[Result "0-1"]
[WhiteElo "2619"]
[BlackElo "2512"]
[PlyCount "112"]
[EventDate "2004.04.??"]
[EventType "tourn"]
[EventRounds "9"]
[EventCountry "SWE"]
[SourceTitle "CBM 101"]
[Source "ChessBase"]
[SourceDate "2004.07.27"]

1. e4 e5 2. Nf3 Nc6 3. Bb5 a6 4. Bxc6 dxc6 5. O-O f6 6. d4 Bg4 7. c3 Bd6 8.
Nbd2 Nh6 9. Nc4 Nf7 10. Ne3 Bd7 11. Qb3 b6 12. Nf5 Bxf5 13. exf5 Qd7 14. dxe5
fxe5 15. Qc2 O-O 16. Qe4 Be7 17. g4 Rae8 18. Re1 Bf6 19. Be3 Nd6 20. Rad1 Rf7
21. Qa4 b5 22. Qb4 a5 23. Qc5 g6 24. Bg5 gxf5 25. Bxf6 Rxf6 26. Nxe5 Qg7 27.
Qxc6 Rfe6 28. f4 fxg4 29. Qd5 Kh8 30. Re3 Rf6 31. Rf1 Ref8 32. Nd3 c6 33. Qxc6
Nf5 34. Re6 g3 35. h3 Rxe6 36. Qxe6 Qa7+ 37. Kh1 Qb7+ 38. Kg1 Qa7+ 39. Kh1 Qe3
40. Qxe3 g2+ 41. Kxg2 Nxe3+ 42. Kf2 Nxf1 43. Kxf1 Kg7 44. Ke2 Kf6 45. Ne5 Kf5
46. Ke3 Rg8 47. Ng4 Rd8 48. b3 Rd1 49. c4 bxc4 50. bxc4 Ra1 51. c5 Rxa2 52. Kd4
Kxf4 53. Ne5 Rd2+ 54. Nd3+ Kf5 55. Kc3 Rh2 56. Kc4 Ke4 0-1